banner koha

Propagation and initial development in lychee plants (Registro n. 339420)

MARC details
000 -LÍDER
fixed length control field 04242nab a2200313 i 4500
003 - CÓDIGO MARC DA AGÊNCIA CATALOGADORA
Campo de controle BR-BrBNA
005 - DATA E HORA DA ÚLTIMA ATUALIZAÇÃO
Campo de controle 20251211135502.0
008 - CAMPO DE TAMANHO FIXO
fixed length control field 251211b2020 bl.|r|pooa||| 00| 0 eng |
040 ## - FONTE DA CATALOGAÇÃO
Agência catalogadora BR-BrBNA
Idioma da catalogação eng
072 ## - CATEGORIA AGRIS
Código AGRIS F02
Código do objeto 1118
100 ## - ENTRADA PRINCIPAL - NOME PESSOAL
Nome pessoal Paixão, Marcus Vinicius Sandoval
100 ## - ENTRADA PRINCIPAL - NOME PESSOAL
Nome pessoal Carvalho, Almy Junior Cordeiro de
100 ## - ENTRADA PRINCIPAL - NOME PESSOAL
Nome pessoal Meireles, Robson Celestino
100 ## - ENTRADA PRINCIPAL - NOME PESSOAL
Nome pessoal Faria Júnior, Hélio Pena de
100 ## - ENTRADA PRINCIPAL - NOME PESSOAL
Nome pessoal Oliveira, Ednaldo Miranda de
245 ## - TÍTULO PRINCIPAL
Título principal Propagation and initial development in lychee plants
500 ## - NOTA GERAL
Nota geral <br/>Publicação online; 14 ref.; 3 tables; Summaries (En, Pt)
942 ## - ADDED ENTRY ELEMENTS (KOHA)
Koha item type Analítica
520 ## - NOTA DE RESUMO
Nota de conteúdo <br/><br/><br/>Abstract - The objective was to evaluate different methods of propagation and initial development of the lychee according to the place of production. The propagation methods were the Forking in seedlings produced in São João de Petrópolis-Santa Teresa and Air Layering in São João de Petrópolis, Santa Teresa-HQ, Colatina and Santa Maria de Jetibá. Each treatment consisted of 50 plants, and the percentage of graft catch, grape pick and transplant to the field was evaluated after three months. The seedlings produced in the different propagation sites were planted in the production field, with a spacing of 5x5 meters, being used as each treatment, 10 seedlings propagated in different places by Air Layering and propagation by forking. The propagation by Air Layering showed a better rate of catch than in grafting by Forking, however the Forking maintained 100% maintenance of the seedlings alive after the harvest. The treatments represented by the Air Layering in Colatina and São João showed the best results, showing that the spreading by Air Layering presents superior results when we use for the propagation, plants produced in places with similar characteristics to the planting site. Propagation by Air Layering is the best method of propagating lychee seedlings. Alporques propagated in the same region where the seedlings produced are definitively planted have greater adaptability and better development in the production field.<br/><br/><br/><br/>Index terms: Methods, forking, production
520 ## - NOTA DE RESUMO
Nota de conteúdo <br/><br/><br/>Resumo - Objetivou-se avaliar diferentes métodos de propagação e de desenvolvimento inicial da lichieira em função do local de produção. Os métodos de propagação foram a garfagem em mudas produzidas em São João de Petrópolis-Santa Teresa, e alporquia em São João de Petrópolis, Santa Teresa-sede, Colatina e Santa Maria de Jetibá. Cada tratamento foi composto de 50 plantas, sendo avaliadas a porcentagem de a pega na enxertia, a pega na repicagem e no transplantio para o campo, após três meses. As mudas produzidas nos diferentes locais de propagação foram plantadas no campo de produção, com um espaçamento de 5x5 metros, sendo utilizadas em cada tratamento, 10 mudas propagadas nos diferentes locais por alporquia e a propagação por garfagem. A propagação por alporquia apresentou melhor índice de pega que na enxertia por garfagem, porém a garfagem manteve 100% de manutenção das mudas vivas após a repicagem. Os tratamentos representados pela alporquia, em Colatina e São João, apresentaram os melhores resultados, mostrando que a propagação por alporquia apresenta resultados superiores quando se utilizam, para a propagação, plantas produzidas em locais com características semelhantes ao local de plantio. A propagação por alporquia apresenta-se como o melhor método de propagação de mudas de lichieira. Alporques propagados na mesma região em que forem plantados em definitivo, as mudas apresentam maior adaptabilidade e melhor desenvolvimento no campo de produção.<br/><br/><br/><br/>Termos para indexação: Métodos, garfagem, produção.
650 ## - ASSUNTO - THESAGRO
Cabeçalho tópico ou nome geográfico LICHIA
650 ## - ASSUNTO - THESAGRO
Cabeçalho tópico ou nome geográfico FRUTA TROPICAL
650 ## - ASSUNTO - THESAGRO
Cabeçalho tópico ou nome geográfico MUDA
650 ## - ASSUNTO - THESAGRO
Cabeçalho tópico ou nome geográfico GARFAGEM
650 ## - ASSUNTO - THESAGRO
Cabeçalho tópico ou nome geográfico PROPAGAÇÃO VEGETATIVA
773 0# - ENTRADA ANALÍTICA
Host Biblionumber 805
Registro do item 317047
Imprenta Jaboticabal-SP Sociedade Brasileira de Fruticultura 1978
Outro identificador 2024-3609
Título Revista Brasileira de Fruticultura (Brazil)
ISSN 0100-2945
Colação v. 42(4) p. 1-5; (2020)
Número de controle de registro BR2025005204
856 ## - ACESSO E ENDEREÇO ELETRÔNICO
Identificador uniforme de recurso - URI https://www.scielo.br/j/rbf/a/4mVSZbhzbHrNVktLsnZGpkD/?format=pdf&lang=en

Nenhum exemplar disponível.

BINAGRI

Telefone: (61)3218-2567/2388/3357/2097 - binagri@agro.gov.br

Ministério da Agricultura e Pecuária , Esplanada dos Ministérios, Bloco D, Anexo B, Brasília/DF, CEP: 70.043-900